000 00631nam a2200181Ia 4500
005 20250508160219.0
008 008 250505s9999 xx 000 0 eng d
037 _aBooks to be hide in OPAC
040 _aFEDL
_beng
_cFEDL
041 _aeng
_2eng
084 _a372, LON/O
_qFEDL
245 0 _aSome experiments in the teaching of science and handwork in certain elementary schools in London
260 _aLondon, UK
_bHis Majesty's Stationery Office
_c1920
300 _a54p.
546 _aEducational pamphlets, No. 36.; Elementary school series, No. 11.
942 _cHB
_h372, LON/O
999 _c1362717
_d1362717